Tommy vol.1 (colonna sonora originale del film)-Lp 2486 161 (Record n. 101026)
[ formato base ]
| 000 -LEADER | |
|---|---|
| fixed length control field | 01577njm a2200325Ia 4500 |
| 001 - CONTROL NUMBER | |
| control field | 20207 |
| 003 - CONTROL NUMBER IDENTIFIER | |
| control field | IT-RoPAU |
| 005 - DATE AND TIME OF LATEST TRANSACTION | |
| control field | 20220918181137.0 |
| 008 - FIXED-LENGTH DATA ELEMENTS--GENERAL INFORMATION | |
| fixed length control field | 131025s9999 xx 000 0 und d |
| 040 ## - CATALOGING SOURCE | |
| Original cataloging agency | IT-RoPAU |
| 040 ## - CATALOGING SOURCE | |
| Transcribing agency | IT-RoPAU |
| 041 ## - LANGUAGE CODE | |
| Language code of text/sound track or separate title | INGLESE |
| 999 ## - SYSTEM CONTROL NUMBERS (KOHA) | |
| Koha Dewey Subclass [OBSOLETE] | n.d. |
| 100 ## - MAIN ENTRY--PERSONAL NAME | |
| Personal name | Townshend Pete |
| 9 (RLIN) | 907 |
| 100 ## - MAIN ENTRY--PERSONAL NAME | |
| Relator term | Autore musica |
| 9 (RLIN) | 908 |
| 100 ## - MAIN ENTRY--PERSONAL NAME | |
| Miscellaneous information | Codice Autore Musica SPICS: 13253 |
| 9 (RLIN) | 909 |
| 245 ## - TITLE STATEMENT | |
| Title | Tommy vol.1 (colonna sonora originale del film)-Lp 2486 161 |
| 250 ## - EDITION STATEMENT | |
| Edition statement | 1a ed. |
| 260 ## - PUBLICATION, DISTRIBUTION, ETC. (IMPRINT) | |
| Place of publication, distribution, etc. | ITALIA |
| 260 ## - PUBLICATION, DISTRIBUTION, ETC. (IMPRINT) | |
| Name of publisher, distributor, etc. | POLYDOR |
| Date of publication, distribution, etc. | 1975 [1a Ed.:1975 - Ed. Lingua Orig.: 1975] |
| 300 ## - PHYSICAL DESCRIPTION | |
| Extent | DISCO |
| 300 ## - PHYSICAL DESCRIPTION | |
| Dimensions | 46 minuti (Testo: pag.) |
| 500 ## - GENERAL NOTE | |
| General note | Interpreti; Turner Tina - Margret Ann - Reed Oliver - Nicholas Paul - Moon Keith - Elton John - Newman Margo - Brown Vicki - Dowling Alison - Clapton Eric. Film della storia del rock who" |
| 505 ## - FORMATTED CONTENTS NOTE | |
| Formatted contents note | Prologue 1945 - Captain Walker It's a Boy - Bernie's Holiday Camp - 1951 What About The Boy? - Amazing Journey - Christmas - Acid Queen - Do You Think It's Alright - Sparks - Extra, Extra, Extra - Pinball Wizard - Eyesight To the Blind (4:00) - Cousin Kevin (4:00) - Fidlle About (2:00) |
| 650 ## - SUBJECT ADDED ENTRY--TOPICAL TERM | |
| Topical term or geographic name as entry element | COLONNA SONORA [DISCHI] |
| Relator term | Codice MATERIA SPICS: 9950 |
| 9 (RLIN) | 910 |
| 700 ## - ADDED ENTRY--PERSONAL NAME | |
| Relator code | Autore musica |
| Personal name | Townshend Pete |
| Dates associated with a name | Codice autore musica SPICS: 13253 |
| 9 (RLIN) | 911 |
| 700 ## - ADDED ENTRY--PERSONAL NAME | |
| Relator code | Autore musica |
| Personal name | Williamson Sonny Boy |
| Dates associated with a name | Codice autore musica SPICS: 13256 |
| Name of part/section of a work | Eyesight To the Blind |
| 9 (RLIN) | 912 |
| 700 ## - ADDED ENTRY--PERSONAL NAME | |
| Relator code | Autore musica |
| Personal name | Entwistle John |
| Dates associated with a name | Codice autore musica SPICS: 13257 |
| Name of part/section of a work | Cousin Kevin - Fidlle About |
| 9 (RLIN) | 913 |
| 942 ## - ADDED ENTRY ELEMENTS (KOHA) | |
| Koha item type | DISCHI |
| Source of classification or shelving scheme | Dewey Decimal Classification |
| Withdrawn status | Lost status | Damaged status | Not for loan | Home library | Current library | Date acquired | Total Checkouts | Full call number | Date last seen | Price effective from | Koha item type | Public note |
|---|---|---|---|---|---|---|---|---|---|---|---|---|
| Buone Condizioni | Not For Loan | SPICS-MEDIATECA | SPICS-MEDIATECA | 25/10/2013 | 20207 | 25/10/2013 | 25/10/2013 | DISCHI | Progr. Ins.: 3519 / N.Vol.: 1 / Copie: 1 - Copia rara: n.d. / date import: 01.01.2014 - By Epidotti, Trombetti, Vaglietti |